Historia de un átomo: una odisea desde el Big Bang hasta la vida en la Tierra...y más allá
محفوظ في:
| المؤلف الرئيسي: | |
|---|---|
| التنسيق: | كتاب |
| اللغة: | الإسبانية |
| منشور في: |
Pamplona
Laetoli
2007
|
| الطبعة: | 4a. ed |
| سلاسل: | Colección Las Dos Culturas, 1
|
| الموضوعات: | |
| الوسوم: |
إضافة وسم
لا توجد وسوم, كن أول من يضع وسما على هذه التسجيلة!
|
MARC
| LEADER | 00000cam a2200000 a 4500 | ||
|---|---|---|---|
| 001 | UCG9969 | ||
| 003 | CL-VaPUC | ||
| 008 | 120420e20070300SP |||||||||||||||||spa|d | ||
| 020 | |a 9788493369835 | ||
| 082 | 0 | 4 | |a 523.1126 |b KRA |2 21 |
| 100 | |a Krauss, Lawrence M |e author |9 561754 | ||
| 245 | 1 | 0 | |a Historia de un átomo: una odisea desde el Big Bang hasta la vida en la Tierra...y más allá |
| 250 | |a 4a. ed | ||
| 300 | |a 324 p | ||
| 942 | |c BK | ||
| 945 | |d 20120420 00:00:00 |a dcastane | ||
| 260 | |a Pamplona |b Laetoli |c 2007 | ||
| 650 | 0 | |a Cosmología |9 269138 | |
| 650 | 0 | |a Materia |9 265041 | |
| 650 | 0 | |a Universo |9 266563 | |
| 650 | 0 | |a Física |9 227844 | |
| 650 | 0 | |a Astronomía |9 260985 | |
| 583 | |a last modification |c 20120420 11:58:00 |k Rodrigo Vera | ||
| 490 | 0 | |a Colección Las Dos Culturas, 1 | |
| 999 | |c 347494 |d 347492 | ||
| 952 | |0 0 |1 0 |4 0 |6 523_112600000000000_KRA_2007 |7 0 |8 A |9 448877 |a BIBCUR |b BIBCUR |d 2019-11-22 |i 4856430 |l 5 |m 2 |o 523.1126 KRA 2007 |p 4856430 |r 2025-04-22 |s 2024-03-27 |w 2019-11-22 |y BK |k BAC | ||
| 952 | |0 0 |1 0 |4 0 |6 523_112600000000000_KRA_2007 |7 0 |8 A |9 448878 |a BIBCUR |b BIBCUR |d 2019-11-22 |i 4856449 |l 1 |m 1 |o 523.1126 KRA 2007 |p 4856449 |r 2025-04-22 |s 2024-04-03 |w 2019-11-22 |y BK |k BAC | ||
| 952 | |0 0 |1 0 |4 0 |6 523_112600000000000_KRA_2007 |7 0 |8 A |9 448879 |a BIBCUR |b BIBCUR |d 2019-11-22 |i 4856457 |l 2 |o 523.1126 KRA 2007 |p 4856457 |r 2025-04-22 |s 2024-09-02 |w 2019-11-22 |y BK |k BAC | ||